000 00469nam a2200169 i 4500
001 51490
003 ES-MaACL
005 20230906162355.0
007 t|
008 030813s1983 sp ||||1| spa d
100 1 _aDalí, Salvador.
_942483
245 1 0 _aRostros ocultos /
_cSalvador Dalí.
250 _a[1ª ed.].
260 _a[Esplugues de Llobregat (Barcelona)] :
_bPlaza & Janés,
_c1983]
300 _a320 p. ;
_c22 cm.
852 _aES-MaACL
_jL-5670
_bR.106243
999 _c51490
_d51490